Motivación 360º: cómo incrementarla en la vida y en la empresa
Guardat en:
| Autors principals: | , |
|---|---|
| Format: | Llibre |
| Idioma: | espanyol |
| Publicat: |
Santiago
Aguilar Chilena de Ediciones S. A
2014
|
| Edició: | 1a. ed |
| Matèries: | |
| Etiquetes: |
Afegir etiqueta
Sense etiquetes, Sigues el primer a etiquetar aquest registre!
|
MARC
| LEADER | 00000cam a2200000 a 4500 | ||
|---|---|---|---|
| 001 | UCD9007 | ||
| 003 | CL-VaPUC | ||
| 008 | 170602e20140000cl |||||||||||||||||spa|d | ||
| 020 | |a 9789563478129 | ||
| 082 | 0 | 4 | |a 658.3 |b FIS |2 21 |
| 100 | 0 | |a Fischman, David |e author |9 592655 | |
| 700 | 0 | |a Matos, Lennia |e author |9 592656 | |
| 245 | 1 | 0 | |a Motivación 360º: cómo incrementarla en la vida y en la empresa |
| 250 | |a 1a. ed | ||
| 300 | |a 323 p | ||
| 942 | |c BK | ||
| 945 | |d 20170602 23:29:00 |a dcastane | ||
| 260 | |a Santiago |b Aguilar Chilena de Ediciones S. A |c 2014 | ||
| 650 | 7 | |a MOTIVACION LABORAL |2 CL-VaPUC |9 522571 | |
| 650 | 0 | |a Planificación regional |9 257050 | |
| 583 | |a last modification |c 20170602 23:29:00 |k Rodrigo Vera | ||
| 999 | |c 368312 |d 368310 | ||